Fast And The Furious Movies - Statistics

General Stats
  • This quiz has been taken 847 times
  • The average score is 6 of 11
Answer Stats
Hint Answer % Correct
2001 The Fast And The Furious
99%
2009 Fast And Furious
92%
2003 2 fast 2 Furious
78%
2011 Fast Five
60%
2023 Fast X
58%
2013 Fast And Furious 6
50%
2017 The Fate Of The Furious
43%
2015 Furious 7
42%
2006 The Fast And The Furious Tokyo Drift
33%
2021 F9 The Fast Saga
9%
2019 Fast And The Furious Presents Hobbs And Shaw
1%
No matching quizzes found
Score Distribution
Percent of People with Each Score
Percentile by Number Answered
Your Score History
You have not taken this quiz